002330000a220007300045001000022000002450048000223000060000707730029001301 aJezequel, Roberta10aWhen bad things happen to good missionaries aVol. 77, Num 3 (Julio-Septiembre, 1997), Páginas 9-110 tLatin America Evangelist